Verbs Past tense 2 multiple choice - Statistics

General Stats
  • This quiz has been taken 25 times
  • The average score is 14 of 15
Answer Stats
Question Answer % Correct
¿How do you say "believe" in simple past? believed
100%
¿How do you say "buy" in simple past? bought
100%
¿How do you say "drive" in simple past? drove
100%
¿How do you say "find" in simple past? found
100%
¿How do you say "ride" in simple past? rode
100%
¿How do you say "sell" in simple past? sold
100%
¿How do you say "speak" in simple past? spoke
100%
¿How do you say "tell" in simple past? told
100%
¿How do you say "want" in simple past? wanted
100%
¿How do you say "build" in simple past? built
89%
¿How do you say "drink" in simple past? drank
89%
¿How do you say "know" in simple past? knew
89%
¿How do you say "teach" in simple past? taught
89%
¿How do you say "write" in simple past? wrote
89%
¿How do you say "learn" in simple past? learnt
56%
No matching quizzes found
Score Distribution
Percent of People with Each Score
Percentile by Number Answered
Your Score History
You have not taken this quiz